000 00569nam a2200169Ia 4500
003 GCL
008 140319s9999 xx 000 0 ara d
040 _aGCL /
_cGCL
082 0 4 _aد
_b050
_bد هـ
245 1 0 _aالهلال اكتوبر 2005 : المولوية الهروب من الجسد
250 _aالاولى
260 _aالقاهرة :
_bدار الهلال للطباعة والنشر ،
_c2005
650 0 4 _aالثقافة العالمية
650 0 4 _aمسرح بنى سويف - حرائق
650 0 4 _aشهر رمضان - مصر
942 _2ddc
_cCR
999 _c7741
_d7741